Vývoj na trhu termínovaných vkladov bánk na Slovensku
Napriek dlhodobému trendu znižovania úrokových sadzieb vo finančných inštitúciách sa banky snažia stimulovať sporiteľov k sporeniu. Na poskytnutie preferenčných úrokových sadzieb je totiž potrebné splniť ďalšie podmienky, ktoré banky môžu kedykoľvek zmeniť. Príspevok ukazuje príklady z praxe a tiež...
Guardado en:
| Autor principal: | |
|---|---|
| Formato: | Capítulo de libro |
| Lenguaje: | eslovaco |
| Materias: | |
| Etiquetas: |
Sin Etiquetas, Sea el primero en etiquetar este registro!
|
MARC
| LEADER | 00000nla a2200000 4500 | ||
|---|---|---|---|
| 001 | 0243075 | ||
| 005 | 20240502073938.6 | ||
| 041 | 0 | |a slo | |
| 044 | |a SK | ||
| 245 | 1 | 0 | |a Vývoj na trhu termínovaných vkladov bánk na Slovensku |
| 520 | |a Napriek dlhodobému trendu znižovania úrokových sadzieb vo finančných inštitúciách sa banky snažia stimulovať sporiteľov k sporeniu. Na poskytnutie preferenčných úrokových sadzieb je totiž potrebné splniť ďalšie podmienky, ktoré banky môžu kedykoľvek zmeniť. Príspevok ukazuje príklady z praxe a tiež najvýhodnejšie produkty bánk v rámci termínovaných vkladov a tiež poukázanie na to, ako zvážiť výhody jednotlivých produktov. | ||
| 610 | 2 | 0 | |a banky |
| 610 | 2 | 0 | |a úspory |
| 610 | 2 | 0 | |a vklady |
| 610 | 2 | 0 | |a úver |
| 610 | 2 | 0 | |a úver bankový |
| 610 | 2 | 0 | |a sadzby úrokové |
| 610 | 2 | 0 | |a účty |
| 610 | 2 | 0 | |a účty bankové |
| 610 | 2 | 0 | |a vývoj |
| 100 | 1 | |a Litomerický, Juraj | |